Pokémon Letter "L" for each type - Statistics

General Stats
  • This quiz has been taken 11 times
  • The average score is 13 of 16
Answer Stats
Type Pokémon % Correct
Fire Lampent|Larvesta|Litleo|Litten|Litwick
100%
Ghost Lampent|Litwick|Lunala
100%
Water Lanturn|Lapras|Lombre|Lotad|Ludicolo|Lumineon|Luvdisc
100%
Bug Larvesta|Leavanny|Ledian|Ledyba|Lokix
100%
Grass Leafeon|Leavanny|Lileep|Lilligant|Lombre|Lotad|Ludicolo|Lurantis
100%
Normal Lechonk|Lickilicky|Lickitung|Lillipup|Linoone|Litleo|Lopunny|Loudred
100%
Electric Lanturn|Luxio|Luxray
89%
Psychic Latias|Latios|Lugia|Lunala|Lunatone
89%
Rock Lairon|Larvitar|Lileep|Lunatone|Lycanroc
78%
Flying Landorus|Ledian|Ledyba|Lugia
78%
Ice Lapras
78%
Dragon Latias|Latios
67%
Steel Lairon|Lucario
56%
Ground Landorus|Larvitar
56%
Dark Liepard|Lokix
56%
Fighting Lucario
56%
No matching quizzes found
Score Distribution
Percent of People with Each Score
Percentile by Number Answered
Your Score History
You have not taken this quiz